Quiz Films (résumés bâclés édition Disney) - Statistiques

Statistiques générales
  • Ce quiz a été pris 4 826 fois
    4 797 depuis la dernière actualisation
  • Le résultat moyen est 19 sur 24
Statistiques - réponses
Résumé Long-Métrage % Correct
Un petit garçon qui aimerait que ça soit autre chose que son nez qui grandisse quand il ment. Pinocchio
97%
Un éléphant spécial exploité par une souris pour le show business. Dumbo
92%
Un chien sdf arrive à se taper une aristo grâce à ses connaissances en resto italien. La Belle et le Clochard
90%
Un ado kidnappe des enfants dans leur chambre pour qu'ils restent sur une île imaginaire pour toujours. Peter Pan
90%
Une fille endormie est sauvée par un pervers qui ne voit que la solution du baiser pour la réveiller. La Belle au bois dormant
89%
Une psychopathe veut génocider une famille de chiens pour un blouson. Les 101 Dalmatiens
89%
Un pickpocket séduit une princesse grâce à une lampe sans ampoule et un tapis. Aladdin
88%
Une idiote suit un lapin dans son terrier et croise une chenille qui fume une chicha sans pression. Alice au pays des merveilles
87%
Un faon dont le prénom de son meilleur ami lui rappelle quotidiennement le décès par balle de sa mère. Bambi
87%
Une fille perd sa dignité mais devient sexy (c'est-à-dire qu'elle perd sa queue de poisson...). La Petite Sirène
87%
Un enfant en slip échappe à un tigre en pensant qu'il est un loup. Le Livre de la jungle
87%
Un bossu et un prêtre se battent pour ken ou tuer une gitane séduisante. Le Bossu de Notre-Dame
83%
Un film où l'on peut compter des milliers de morts et une chinoise qui rêve de devenir un homme. Mulan
83%
Une femme de ménage qui s'incruste dans une soirée et poursuivie par un lourd avec un fétichisme des pieds. Cendrillon
82%
L'histoire d'un héros mythologique qui passe de zéro en héros. Hercule
81%
Un renard tire à l'arc et vole le trésor d'un lion pour sauver sa copine. Robin des Bois
81%
Une indienne et un colon forment un couple goal alors que c'est interdit. Pocahontas
78%
Un homme singe drague une femme aux goûts particuliers en tapant sur son torse. Tarzan
76%
Un mauvais film X avec 7 petits hommes pour une jeune femme dans une maison perdue en pleine forêt. Blanche-Neige et les Sept Nains
75%
Une femme zoophile tombe amoureuse d'un mélange entre un lion et un taureau. La Belle et la Bête
70%
Un clébard et un renard font les 400 coups avant de se mettre sur la gueule. Rox et Rouky
67%
Un fils perd son père qui s'écrase au sol tel une crêpe et fréquente donc des philosophes lugubres. Le Roi lion
56%
Une famille de nobles se retrouve chez les pouilleux après avoir échappé au kidnapping des 3 enfants. Les Aristochats
43%
Un comédie musicale aléatoire avec des hippopotames en tutu poursuivies par des crocodiles pervers. Fantasia
28%
Aucun quiz correspondant
Distribution des résultats
% des personnes avec chaque résultat
Percentile par nombre de réponses
Votre historique - résultats
Vous n’avez pas pris ce quiz depuis la dernière actualisation